[Event "FIN-chT 2022"]
[Site "Finland"]
[Date "2022.05.20"]
[Round "10.8"]
[White "Peltola, Leo"]
[Black "Salonen, Mikko"]
[Result "1/2-1/2"]
[WhiteElo "1934"]
[BlackElo "2073"]
[PlyCount "65"]
[EventDate "2020.09.12"]
[EventType "team-tourn"]
[EventRounds "11"]
[EventCountry "FIN"]
[SourceTitle "EXT 2023"]
[Source "ChessBase"]
[SourceDate "2022.10.05"]
[SourceVersion "1"]
[SourceVersionDate "2022.10.05"]
[SourceQuality "1"]
[WhiteTeam "Gambiitti"]
[BlackTeam "Sastamala VammSK"]
[WhiteTeamCountry "FIN"]
[BlackTeamCountry "FIN"]

1. e4 e5 2. Nf3 Nc6 3. Bb5 a6 4. Ba4 Nf6 5. 0-0 Nxe4 6. d4 b5 7. Bb3 d5 8. dxe5 Be6 9. c3 Bc5 10. Nbd2 0-0 11. Qe2 Bf5 12. Nxe4 dxe4 13. Ng5 e3 14. Bxe3 Bd3 15. Qh5 Bg6 16. Qe2 Be7 17. Rad1 Qe8 18. e6 f5 19. Nf7 Na5 20. Bd5 c6 21. Bf3 Bxf7 22. exf7+ Rxf7 23. Rfe1 Bf8 24. Qc2 Re7 25. Bd2 Rd8 26. Rxe7 Qxe7 27. Be3 Rxd1+ 28. Qxd1 Nc4 29. Bc1 Ne5 30. Kf1 Nxf3 31. Qxf3 Qe6 32. b3 g6 33. Qd3 1/2-1/2

[Event "FIN-ch Seniors 65"]
[Site "Helsinki"]
[Date "2019.06.12"]
[Round "3"]
[White "Hurme, Harri M"]
[Black "Peltola, Leo"]
[Result "1-0"]
[WhiteElo "2122"]
[BlackElo "1933"]
[PlyCount "85"]
[EventDate "2019.06.10"]
[EventType "swiss"]
[EventRounds "9"]
[EventCountry "FIN"]
[SourceTitle "EXT 2021"]
[Source "ChessBase"]
[SourceDate "2020.10.23"]
[SourceVersion "1"]
[SourceVersionDate "2020.10.23"]
[SourceQuality "1"]

1. d4 Nf6 2. c4 e6 3. Nc3 Bb4 4. Qc2 0-0 5. Nf3 d6 6. e4 c5 7. dxc5 Bxc5 8. Be2 Nc6 9. 0-0 a6 10. a3 Nd4 11. Nxd4 Bxd4 12. Bd3 h6 13. Ne2 Ba7 14. b4 Bd7 15. Bb2 Qe7 16. Rad1 Rfd8 17. e5 dxe5 18. Bxe5 Rac8 19. Qb2 Ng4 20. Bd6 Qh4 21. Bg3 Qf6 22. Qc2 Bc6 23. c5 Bb8 24. h3 Ne5 25. Be4 Bxe4 26. Qxe4 Nc6 27. Bxb8 Rxb8 28. a4 Rd5 29. Rxd5 exd5 30. Qxd5 Nxb4 31. Qe4 Nc6 32. Rb1 Qg5 33. Qc4 Qe5 34. f4 Qe3+ 35. Kh2 Qd2 36. Qe4 Kf8 37. Ng3 Re8 38. Qh7 Ne7 39. Rxb7 Qxf4 40. Qe4 Qc1 41. Qd4 Rc8 42. Rxe7 Kxe7 43. Nf5+ 1-0

[Event "FIN-chT2 Gp3 1819"]
[Site "Finland"]
[Date "2019.01.12"]
[Round "5.3"]
[White "Peltola, Leo"]
[Black "Erlund, Kaj"]
[Result "0-1"]
[WhiteElo "1965"]
[BlackElo "1961"]
[PlyCount "88"]
[EventDate "2018.09.15"]
[EventType "team-tourn"]
[EventRounds "6"]
[EventCountry "FIN"]
[SourceTitle "EXT 2020"]
[Source "ChessBase"]
[SourceDate "2019.10.17"]
[SourceVersion "1"]
[SourceVersionDate "2019.10.17"]
[SourceQuality "1"]
[WhiteTeam "Vantaa Gambitti II"]
[BlackTeam "Loimaa SK"]
[WhiteTeamCountry "FIN"]
[BlackTeamCountry "FIN"]

1. e4 e5 2. Nf3 Nc6 3. Bb5 a6 4. Ba4 Nf6 5. 0-0 Be7 6. Qe2 b5 7. Bb3 0-0 8. c3 d6 9. h3 Na5 10. Bc2 c5 11. d3 Qc7 12. Nh2 Bb7 13. f4 Rfe8 14. Ng4 Nxg4 15. Qxg4 Nc6 16. f5 Bf6 17. Nd2 Rad8 18. Nf3 Qe7 19. Be3 d5 20. Rad1 d4 21. cxd4 Nxd4 22. Bxd4 cxd4 23. h4 a5 24. Qh5 a4 25. g4 Rc8 26. Rd2 g6 27. fxg6 hxg6 28. Qh6 Bg7 29. Qg5 Qf8 30. h5 Bh6 31. Qh4 Bxd2 32. Nxd2 Qh6 33. Qf6 Qg7 34. Bd1 Qxf6 35. Rxf6 Rc1 36. Rf1 gxh5 37. gxh5 Bc8 38. Kf2 Kh7 39. Nf3 f6 40. Ke2 Bg4 41. Kd2 Ra1 42. Rf2 a3 43. Kc2 Be6 44. Rh2 Rc8+ 0-1

[Event "FIN-chT2 Gp3 1819"]
[Site "Finland"]
[Date "2018.09.16"]
[Round "2.2"]
[White "Kivinen, Jyrki"]
[Black "Peltola, Leo"]
[Result "1-0"]
[WhiteElo "1968"]
[BlackElo "1965"]
[PlyCount "99"]
[EventDate "2018.09.15"]
[EventType "team-tourn"]
[EventRounds "6"]
[EventCountry "FIN"]
[SourceTitle "EXT 2020"]
[Source "ChessBase"]
[SourceDate "2019.10.17"]
[SourceVersion "1"]
[SourceVersionDate "2019.10.17"]
[SourceQuality "1"]
[WhiteTeam "Helsinki LauttSK II"]
[BlackTeam "Vantaa Gambitti II"]
[WhiteTeamCountry "FIN"]
[BlackTeamCountry "FIN"]

1. e4 c5 2. Nf3 d6 3. d4 cxd4 4. Nxd4 Nf6 5. Nc3 a6 6. Bg5 e6 7. f4 Be7 8. Qf3 Qc7 9. 0-0-0 Nbd7 10. g4 b5 11. Bxf6 gxf6 12. a3 Nc5 13. Rg1 Bb7 14. Bd3 0-0-0 15. Qe3 Kb8 16. Rge1 Rc8 17. Nf3 Rhd8 18. Kb1 Nxd3 19. Rxd3 Qc5 20. e5 fxe5 21. fxe5 dxe5 22. Nxe5 Qxe3 23. Rdxe3 Bc5 24. Rh3 f6 25. Nd3 e5 26. Nxc5 Rxc5 27. Rxh7 Rc4 28. g5 fxg5 29. Rxe5 g4 30. Ree7 Bf3 31. Re6 Rc6 32. Ree7 Rc4 33. Rd7 Re8 34. Nd5 Re1+ 35. Ka2 Bxd5 36. Rxd5 Rxc2 37. Rd8+ Rc8 38. Rd6 Re5 39. Rb6+ Ka8 40. Rxa6+ Kb8 41. Rb6+ Ka8 42. Rg6 Re4 43. Ra6+ Kb8 44. Rb6+ Ka8 45. Rxb5 Rg8 46. Rb3 Rf4 47. Rh4 Ka7 48. h3 Ka6 49. Rg3 gxh3 50. Rh6+ 1-0

[Event "FIN-chT2 Gp1 1617"]
[Site "Finland"]
[Date "2017.02.04"]
[Round "6.2"]
[White "Mujunen, Martti"]
[Black "Peltola, Leo"]
[Result "0-1"]
[WhiteElo "2068"]
[BlackElo "1990"]
[PlyCount "80"]
[EventDate "2016.09.17"]
[EventType "team-tourn"]
[EventRounds "7"]
[EventCountry "FIN"]
[SourceTitle "EXT 2019"]
[Source "ChessBase"]
[SourceDate "2018.10.10"]
[SourceVersion "1"]
[SourceVersionDate "2018.10.10"]
[SourceQuality "1"]
[WhiteTeam "Kotka KymS II"]
[BlackTeam "Vantaa Remi II"]
[WhiteTeamCountry "FIN"]
[BlackTeamCountry "FIN"]

1. e4 c5 2. Nf3 d6 3. c3 Bg4 4. e5 Nc6 5. d4 e6 6. exd6 Bxd6 7. Be3 cxd4 8. cxd4 Nf6 9. Nc3 0-0 10. Be2 Nb4 11. 0-0 Nbd5 12. Nxd5 Nxd5 13. Ne5 Bxe2 14. Qxe2 Bxe5 15. dxe5 Nxe3 16. Qxe3 Qa5 17. Qe4 Qb6 18. b4 Rfd8 19. Rfd1 h6 20. h3 Rac8 21. a4 a6 22. g3 g6 23. a5 Qc7 24. Rd6 Rxd6 25. exd6 Qxd6 26. Qxb7 Rb8 27. Qa7 Rxb4 28. Rc1 Rb5 29. Qa8+ Kg7 30. Qe8 Qd5 31. Qc8 Rxa5 32. Qc3+ e5 33. h4 h5 34. Qc7 Rb5 35. Qe7 a5 36. g4 hxg4 37. h5 g3 38. hxg6 gxf2+ 39. Kh2 Kxg6 40. Rc3 Qh1+ 0-1

[Event "FIN-chT2 Gp1 1617"]
[Site "Finland"]
[Date "2017.01.14"]
[Round "5.1"]
[White "Peltola, Leo"]
[Black "Kauppala, Pekka"]
[Result "1/2-1/2"]
[WhiteElo "1990"]
[BlackElo "2070"]
[PlyCount "102"]
[EventDate "2016.09.17"]
[EventType "team-tourn"]
[EventRounds "7"]
[EventCountry "FIN"]
[SourceTitle "EXT 2019"]
[Source "ChessBase"]
[SourceDate "2018.10.10"]
[SourceVersion "1"]
[SourceVersionDate "2018.10.10"]
[SourceQuality "1"]
[WhiteTeam "Vantaa Remi II"]
[BlackTeam "Helsinki LauttSK"]
[WhiteTeamCountry "FIN"]
[BlackTeamCountry "FIN"]

1. e4 c5 2. Nf3 Nf6 3. Nc3 Nc6 4. d4 d5 5. exd5 Nxd5 6. Bb5 cxd4 7. Nxd4 Nxc3 8. bxc3 Bd7 9. 0-0 e6 10. Re1 Be7 11. Be3 0-0 12. Nxc6 Bxc6 13. Qxd8 Rfxd8 14. Bxc6 bxc6 15. Rab1 Bf6 16. Rb3 Rd7 17. Kf1 h6 18. Ke2 Rad8 19. Reb1 Rd5 20. Ra3 a5 21. c4 Rh5 22. h3 Rh4 23. Rxa5 Rxc4 24. Rc5 Rxc5 25. Bxc5 Bg5 26. Be3 Ra8 27. Rb6 Rxa2 28. Rxc6 Kh7 29. Kd3 Kg6 30. Rc7 e5 31. c4 Bxe3 32. Kxe3 Rc2 33. g3 f5 34. Rc5 Rc3+ 35. Kd2 Rf3 36. Rxe5 Rxf2+ 37. Kd3 f4 38. gxf4 Rxf4 39. c5 Kf6 40. Re3 Rf1 41. Kc4 Rc1+ 42. Kb5 g5 43. c6 h5 44. Kb6 g4 45. hxg4 hxg4 46. c7 Kf5 47. Re8 Kf4 48. c8Q Rxc8 49. Rxc8 g3 50. Kc5 g2 51. Rg8 Kf3 1/2-1/2

[Event "FIN-chT2 Gp1 1617"]
[Site "Finland"]
[Date "2016.10.08"]
[Round "2.1"]
[White "Peltola, Leo"]
[Black "Eskelinen, Aarno"]
[Result "0-1"]
[WhiteElo "1990"]
[BlackElo "2203"]
[PlyCount "60"]
[EventDate "2016.09.17"]
[EventType "team-tourn"]
[EventRounds "7"]
[EventCountry "FIN"]
[SourceTitle "EXT 2019"]
[Source "ChessBase"]
[SourceDate "2018.10.10"]
[SourceVersion "1"]
[SourceVersionDate "2018.10.10"]
[SourceQuality "1"]
[WhiteTeam "Vantaa Remi II"]
[BlackTeam "Helsinki MeRa"]
[WhiteTeamCountry "FIN"]
[BlackTeamCountry "FIN"]

1. e4 Nf6 2. Nc3 d5 3. exd5 Nxd5 4. Bc4 c6 5. Qf3 e6 6. Nge2 Be7 7. d4 0-0 8. 0-0 Nd7 9. Nxd5 cxd5 10. Bd3 f5 11. c4 Nf6 12. Bg5 Ne4 13. Bxe7 Qxe7 14. Qe3 Qb4 15. cxd5 exd5 16. f3 Nf6 17. a3 Qb6 18. b4 Bd7 19. Rfe1 Rae8 20. Qf2 g5 21. Rac1 Ne4 22. Bxe4 fxe4 23. f4 Bg4 24. Rc5 Bxe2 25. Qxe2 gxf4 26. Qg4+ Kh8 27. Rxd5 f3 28. Rxe4 f2+ 29. Kf1 Qh6 30. Rf5 Qd2 0-1

[Event "FIN-chT1A 1415"]
[Site "Finland"]
[Date "2014.09.27"]
[Round "1.6"]
[White "Sorvari, Jarmo"]
[Black "Peltola, Leo"]
[Result "1-0"]
[WhiteElo "2025"]
[BlackElo "2016"]
[PlyCount "81"]
[EventDate "2014.09.27"]
[EventType "team-tourn"]
[EventRounds "7"]
[EventCountry "FIN"]
[SourceTitle "EXT 2017"]
[Source "ChessBase"]
[SourceDate "2016.10.25"]
[SourceVersion "1"]
[SourceVersionDate "2016.10.25"]
[SourceQuality "1"]
[WhiteTeam "Tampere Tammer II"]
[BlackTeam "Vantaa Remi"]
[WhiteTeamCountry "FIN"]
[BlackTeamCountry "FIN"]

1. d4 Nf6 2. c4 e6 3. Nc3 Bb4 4. f3 d5 5. a3 Bxc3+ 6. bxc3 b6 7. cxd5 exd5 8. e3 0-0 9. Bd3 Re8 10. Ne2 Ba6 11. Bxa6 Nxa6 12. Qd3 Qc8 13. 0-0 c6 14. Ng3 Nc7 15. e4 Qa6 16. Qe3 Qc4 17. e5 c5 18. Nf5 Re6 19. Nd6 Qa4 20. Qf4 Qd7 21. Nf5 Nfe8 22. Qg4 Kh8 23. Bd2 Rg6 24. Qh5 Rc6 25. Ng3 cxd4 26. cxd4 Nb5 27. Ne2 Rc4 28. Be3 Rac8 29. f4 Nc3 30. f5 Nxe2+ 31. Qxe2 Kg8 32. Rf3 Rc2 33. Qe1 Qb5 34. Qg3 Qc6 35. h4 b5 36. h5 Rc3 37. f6 Qb6 38. fxg7 a5 39. Rxf7 Nc7 40. Raf1 Ne6 41. Rf8+ 1-0

[Event "Jarvenpaa We JarvSK"]
[Site "Jarvenpaa"]
[Date "2014.09.21"]
[Round "5"]
[White "Elomaa, Arto"]
[Black "Peltola, Leo"]
[Result "1-0"]
[WhiteElo "2146"]
[BlackElo "2016"]
[PlyCount "113"]
[EventDate "2014.09.20"]
[EventType "swiss"]
[EventRounds "5"]
[EventCountry "FIN"]
[SourceTitle "EXT 2022"]
[Source "ChessBase"]
[SourceDate "2021.10.06"]
[SourceVersion "1"]
[SourceVersionDate "2021.10.06"]
[SourceQuality "1"]

1. e4 c5 2. c3 d5 3. exd5 Qxd5 4. d4 Nf6 5. Nf3 Bg4 6. Be2 e6 7. 0-0 Nc6 8. Be3 cxd4 9. Nxd4 Bxe2 10. Qxe2 a6 11. Rd1 Rd8 12. Nd2 Nxd4 13. Bxd4 Be7 14. Nc4 Qf5 15. Rd3 0-0 16. Rad1 Qe4 17. Qxe4 Nxe4 18. Kf1 Bc5 19. f3 Bxd4 20. fxe4 Bf6 21. Ke2 Rxd3 22. Rxd3 Rd8 23. Rxd8+ Bxd8 24. Kd3 Bc7 25. h3 f6 26. a4 Kf7 27. b4 Ke7 28. Kd4 Kd7 29. b5 axb5 30. axb5 Bg3 31. Nb2 Bf2+ 32. Kc4 Kd6 33. Nd3 Be3 34. Kb4 g6 35. c4 b6 36. Kc3 h5 37. Kc2 Bd4 38. Nf4 Ke5 39. Kd3 Bf2 40. Nxg6+ Kd6 41. Nf4 h4 42. Ke2 Bg3 43. Nd3 f5 44. Ke3 Bh2 45. exf5 exf5 46. Ne1 Kc5 47. Kd3 Be5 48. Nc2 f4 49. Ne1 Bf6 50. Nf3 Be7 51. Ne5 Kd6 52. Ke4 Kc5 53. Nd7+ Kxc4 54. Nxb6+ Kxb5 55. Nd5 Bd8 56. Nxf4 Kc6 57. Ng6 1-0

[Event "Jarvenpaa We JarvSK"]
[Site "Jarvenpaa"]
[Date "2014.09.21"]
[Round "4"]
[White "Peltola, Leo"]
[Black "Tumanov, Dmitri"]
[Result "1/2-1/2"]
[WhiteElo "2016"]
[BlackElo "1977"]
[PlyCount "24"]
[EventDate "2014.09.20"]
[EventType "swiss"]
[EventRounds "5"]
[EventCountry "FIN"]
[SourceTitle "EXT 2022"]
[Source "ChessBase"]
[SourceDate "2021.10.06"]
[SourceVersion "1"]
[SourceVersionDate "2021.10.06"]
[SourceQuality "1"]

1. e4 g6 2. d4 Bg7 3. Nf3 d6 4. h3 c5 5. c3 Qb6 6. dxc5 Qxc5 7. Be3 Qc7 8. Bd3 Nf6 9. 0-0 Bd7 10. Nd4 a6 11. Nd2 d5 12. Re1 0-0 1/2-1/2

[Event "Jarvenpaa We JarvSK"]
[Site "Jarvenpaa"]
[Date "2014.09.20"]
[Round "1"]
[White "Kumpulainen, Jari"]
[Black "Peltola, Leo"]
[Result "1/2-1/2"]
[WhiteElo "1917"]
[BlackElo "2016"]
[PlyCount "50"]
[EventDate "2014.09.20"]
[EventType "swiss"]
[EventRounds "5"]
[EventCountry "FIN"]
[SourceTitle "EXT 2022"]
[Source "ChessBase"]
[SourceDate "2021.10.06"]
[SourceVersion "1"]
[SourceVersionDate "2021.10.06"]
[SourceQuality "1"]

1. d4 Nf6 2. c4 e6 3. Nc3 Bb4 4. Nf3 c5 5. e3 d6 6. Bd3 Nc6 7. 0-0 Bxc3 8. bxc3 0-0 9. e4 e5 10. d5 Ne7 11. h3 Ng6 12. Be3 h6 13. Kh2 Nh7 14. g4 Ng5 15. Ng1 Qf6 16. Qd2 Nf3+ 17. Nxf3 Qxf3 18. Qe2 Qf6 19. Rg1 Nf4 20. Bxf4 Qxf4+ 21. Rg3 Bd7 22. Kg2 Qg5 23. Rh1 Qh4 24. Qd2 Qg5 25. Qe2 Qh4 1/2-1/2

[Event "WchT Seniors 50"]
[Site "Vilnius"]
[Date "2014.07.16"]
[Round "4.7"]
[White "Peltola, Leo"]
[Black "Sollid, Stein"]
[Result "1/2-1/2"]
[WhiteElo "2014"]
[BlackElo "2028"]
[PlyCount "28"]
[EventDate "2014.07.13"]
[EventType "team-swiss"]
[EventRounds "9"]
[EventCountry "LTU"]
[SourceTitle "CBM 161 Extra"]
[Source "ChessBase"]
[SourceDate "2014.08.29"]
[SourceVersion "1"]
[SourceVersionDate "2014.08.29"]
[SourceQuality "1"]
[WhiteTeam "Finland"]
[BlackTeam "Norway"]
[WhiteTeamCountry "FIN"]
[BlackTeamCountry "NOR"]

1. e4 e5 2. Nf3 Nc6 3. Bb5 Nf6 4. 0-0 Bc5 5. c3 0-0 6. d4 Bb6 7. Re1 exd4 8. cxd4 d5 9. e5 Ne4 10. Nc3 Bf5 11. Be3 Ne7 12. Bd3 Nxc3 13. bxc3 Bxd3 14. Qxd3 Qd7 1/2-1/2

[Event "FIN-ch Seniors 65+"]
[Site "Helsinki"]
[Date "2014.04.19"]
[Round "3"]
[White "Peltola, Leo"]
[Black "Kivipelto, Kaj Erik"]
[Result "1/2-1/2"]
[WhiteElo "2010"]
[BlackElo "2109"]
[PlyCount "26"]
[EventDate "2014.04.17"]
[EventType "swiss"]
[EventRounds "7"]
[EventCountry "FIN"]
[SourceTitle "EXT 2022"]
[Source "ChessBase"]
[SourceDate "2021.10.06"]
[SourceVersion "1"]
[SourceVersionDate "2021.10.06"]
[SourceQuality "1"]

1. e4 c5 2. Nf3 Nc6 3. d4 cxd4 4. Nxd4 Nf6 5. Nc3 d6 6. Bg5 g6 7. Bxf6 exf6 8. Bb5 Bd7 9. Bc4 Be7 10. Nd5 0-0 11. 0-0 Re8 12. Nxe7+ Rxe7 13. Re1 Be6 1/2-1/2

[Event "FIN-ch Seniors 65+"]
[Site "Helsinki"]
[Date "2014.04.18"]
[Round "2"]
[White "Hurme, Harri M"]
[Black "Peltola, Leo"]
[Result "1-0"]
[WhiteElo "2183"]
[BlackElo "2010"]
[PlyCount "77"]
[EventDate "2014.04.17"]
[EventType "swiss"]
[EventRounds "7"]
[EventCountry "FIN"]
[SourceTitle "EXT 2022"]
[Source "ChessBase"]
[SourceDate "2021.10.06"]
[SourceVersion "1"]
[SourceVersionDate "2021.10.06"]
[SourceQuality "1"]

1. d4 Nf6 2. c4 e6 3. Nf3 Bb4+ 4. Bd2 c5 5. Bxb4 cxb4 6. a3 bxa3 7. Rxa3 0-0 8. e3 d5 9. Nc3 b6 10. cxd5 exd5 11. Bd3 Nc6 12. h3 Qe7 13. 0-0 Rd8 14. Qb1 Bb7 15. Rc1 Nb4 16. Ne5 Nxd3 17. Qxd3 Rdc8 18. Rca1 Bc6 19. Qf5 a5 20. Nxc6 Rxc6 21. Nxd5 Nxd5 22. Qxd5 Rac8 23. Rf1 Rd6 24. Qf5 Qb7 25. Rc3 Rxc3 26. bxc3 b5 27. c4 bxc4 28. Qxa5 h6 29. Ra1 Qb2 30. Qa3 Qb6 31. Qa8+ Kh7 32. Qe4+ Rg6 33. h4 h5 34. Qd5 Qc6 35. Qxc6 Rxc6 36. Kf1 Kg6 37. Ke2 Kf5 38. Ra5+ Kg6 39. Rg5+ 1-0

[Event "FIN-ch Seniors 65+"]
[Site "Helsinki"]
[Date "2014.04.17"]
[Round "1"]
[White "Leukkunen, Raimo"]
[Black "Peltola, Leo"]
[Result "0-1"]
[WhiteElo "1881"]
[BlackElo "2010"]
[PlyCount "82"]
[EventDate "2014.04.17"]
[EventType "swiss"]
[EventRounds "7"]
[EventCountry "FIN"]
[SourceTitle "EXT 2022"]
[Source "ChessBase"]
[SourceDate "2021.10.06"]
[SourceVersion "1"]
[SourceVersionDate "2021.10.06"]
[SourceQuality "1"]

1. f4 c5 2. Nf3 Nf6 3. e3 d6 4. Be2 Nc6 5. 0-0 g6 6. d3 Bg7 7. c3 0-0 8. e4 e6 9. h3 Bd7 10. g4 Qc8 11. Nh2 Ne8 12. Qc2 f5 13. Na3 Rb8 14. Nc4 d5 15. Nd2 b5 16. e5 Nc7 17. Ndf3 b4 18. Bd2 Nb5 19. g5 bxc3 20. bxc3 Qa6 21. a4 Nc7 22. Be3 c4 23. dxc4 dxc4 24. Bc5 Rfc8 25. Bd6 Bf8 26. Rfd1 Be8 27. Bxf8 Kxf8 28. Rd6 Rd8 29. Rad1 Qb6+ 30. Kg2 Nd5 31. R1xd5 exd5 32. Rf6+ Kg7 33. Nd4 Nxd4 34. cxd4 Qxd4 35. Nf3 Qb2 36. Qd1 d4 37. Kg3 d3 38. Bf1 Qc2 39. Qa1 Rb2 40. Qe1 d2 41. Qe3 d1Q 0-1

[Event "EU-chT Seniors 15th"]
[Site "Dresden"]
[Date "2013.07.28"]
[Round "9"]
[White "Giulian, Philip Maurice"]
[Black "Peltola, Leo"]
[Result "1/2-1/2"]
[WhiteElo "2230"]
[BlackElo "2006"]
[PlyCount "68"]
[EventDate "2013.07.20"]
[EventType "team-swiss"]
[EventRounds "9"]
[EventCountry "GER"]
[SourceTitle "CBM 155 Extra"]
[Source "ChessBase"]
[SourceDate "2013.08.26"]
[SourceVersion "1"]
[SourceVersionDate "2013.08.26"]
[SourceQuality "1"]
[WhiteTeam "Scotland"]
[BlackTeam "Helsinki"]
[WhiteTeamCountry "SCO"]
[BlackTeamCountry "FIN"]

1. d4 Nf6 2. c4 e6 3. Nf3 b6 4. g3 Bb7 5. Bg2 Bb4+ 6. Bd2 a5 7. 0-0 0-0 8. Nc3 d6 9. b3 Nbd7 10. a3 Bxc3 11. Bxc3 Ne4 12. Bb2 f5 13. Nd2 Ndf6 14. Nxe4 Bxe4 15. Bxe4 Nxe4 16. Qd3 Qg5 17. Kg2 Qd2 18. Bc1 Qxd3 19. exd3 Nf6 20. Re1 Kf7 21. Bb2 a4 22. b4 b5 23. Rac1 Rab8 24. Re2 Rfc8 25. Rce1 Re8 26. h3 g6 27. f3 c6 28. Kf2 Rbc8 29. g4 Nd7 30. Rc2 d5 31. cxb5 cxb5 32. Rec1 Rxc2+ 33. Rxc2 Rb8 34. Kg3 g5 1/2-1/2

[Event "EU-chT Seniors 15th"]
[Site "Dresden"]
[Date "2013.07.27"]
[Round "8"]
[White "Schwertel, Johann"]
[Black "Peltola, Leo"]
[Result "1/2-1/2"]
[WhiteElo "2010"]
[BlackElo "2006"]
[PlyCount "72"]
[EventDate "2013.07.20"]
[EventType "team-swiss"]
[EventRounds "9"]
[EventCountry "GER"]
[SourceTitle "CBM 155 Extra"]
[Source "ChessBase"]
[SourceDate "2013.08.26"]
[SourceVersion "1"]
[SourceVersionDate "2013.08.26"]
[SourceQuality "1"]
[WhiteTeam "Rheno Palatinat"]
[BlackTeam "Helsinki"]
[WhiteTeamCountry "GER"]
[BlackTeamCountry "FIN"]

1. d4 Nf6 2. Nf3 e6 3. Bg5 Be7 4. e3 d5 5. Nbd2 Nbd7 6. Bd3 c5 7. c3 h6 8. Bh4 b6 9. 0-0 Bb7 10. Qe2 0-0 11. Rfe1 Ne4 12. Bxe7 Qxe7 13. Nf1 Rad8 14. Rad1 Nd6 15. Bb1 e5 16. dxe5 Nxe5 17. Nxe5 Qxe5 18. Qc2 g6 19. Ng3 Rfe8 20. Ne2 Nf5 21. Ng3 Nxg3 22. hxg3 Qg5 23. Qa4 a6 24. Qf4 Qxf4 25. gxf4 Kg7 26. f3 a5 27. Kf2 Bc6 28. Bc2 b5 29. a3 a4 30. Rd2 Rb8 31. e4 dxe4 32. fxe4 Red8 33. Red1 Rxd2+ 34. Rxd2 b4 35. cxb4 cxb4 36. axb4 Bxe4 1/2-1/2

[Event "FIN-chT1 East 1213"]
[Site "Finland"]
[Date "2013.02.09"]
[Round "6.8"]
[White "Karasmaki, Seppo"]
[Black "Peltola, Leo"]
[Result "1/2-1/2"]
[WhiteElo "1811"]
[BlackElo "2015"]
[PlyCount "68"]
[EventDate "2012.09.29"]
[EventType "team-tourn"]
[EventRounds "7"]
[EventCountry "FIN"]
[SourceTitle "EXT 2019"]
[Source "ChessBase"]
[SourceDate "2018.10.10"]
[SourceVersion "1"]
[SourceVersionDate "2018.10.10"]
[SourceQuality "1"]
[WhiteTeam "Espoo ESK"]
[BlackTeam "Vantaa Remi"]
[WhiteTeamCountry "FIN"]
[BlackTeamCountry "FIN"]

1. e4 c5 2. Nf3 d6 3. Bb5+ Bd7 4. Bxd7+ Nxd7 5. 0-0 g6 6. c3 Bg7 7. Re1 e6 8. d4 Ne7 9. Bf4 e5 10. dxe5 dxe5 11. Bg5 h6 12. Bxe7 Qxe7 13. Na3 0-0 14. Nc4 Rfd8 15. Qe2 Qe6 16. b3 Nb6 17. Nxb6 Qxb6 18. Rad1 a6 19. c4 Qc6 20. Rd5 Rxd5 21. exd5 Qd6 22. Nd2 f5 23. f3 Rb8 24. Qd3 h5 25. a4 Kf7 26. Rf1 Rh8 27. h3 Bf6 28. Nb1 Kg7 29. Nd2 Bd8 30. Re1 Bc7 31. Nf1 Re8 32. Re2 Ba5 33. Qc2 Bc7 34. Qd3 Re7 1/2-1/2

[Event "FIN-ch Seniors"]
[Site "Helsinki"]
[Date "2012.06.17"]
[Round "7"]
[White "Patola, Eero"]
[Black "Peltola, Leo"]
[Result "1/2-1/2"]
[WhiteElo "1934"]
[BlackElo "2046"]
[PlyCount "86"]
[EventDate "2012.06.11"]
[EventType "swiss"]
[EventRounds "11"]
[EventCountry "FIN"]
[SourceTitle "EXT 2022"]
[Source "ChessBase"]
[SourceDate "2021.10.06"]
[SourceVersion "1"]
[SourceVersionDate "2021.10.06"]
[SourceQuality "1"]

1. e4 c5 2. c4 Nc6 3. Nc3 g6 4. g3 Bg7 5. Bg2 e6 6. d3 Nge7 7. Nge2 0-0 8. 0-0 d6 9. Rb1 Rb8 10. a3 b6 11. Be3 Nd4 12. Bxd4 cxd4 13. Nb5 Nc6 14. e5 Nxe5 15. Nbxd4 Bb7 16. h3 Bxg2 17. Kxg2 Qd7 18. f4 Qb7+ 19. Kh2 Nc6 20. Nxc6 Qxc6 21. Nc3 Rfd8 22. Qf3 Qxf3 23. Rxf3 Bxc3 24. bxc3 d5 25. cxd5 Rxd5 26. c4 Rd4 27. Kg2 Rbd8 28. Rb3 h5 29. Kf2 Kg7 30. Ke2 R8d7 31. Rc3 Kf6 32. Rb3 Ke7 33. a4 Kd6 34. g4 hxg4 35. hxg4 g5 36. Ke3 Ke7 37. fxg5 Rxg4 38. Rb5 Kf8 39. a5 bxa5 40. Rxa5 Kg7 41. Re5 Rg1 42. Ra5 Rg2 43. Rh3 Rg4 1/2-1/2

[Event "FIN-ch Seniors"]
[Site "Helsinki"]
[Date "2012.06.14"]
[Round "4"]
[White "Pihlajamaki, Antti"]
[Black "Peltola, Leo"]
[Result "1-0"]
[WhiteElo "2005"]
[BlackElo "2046"]
[PlyCount "42"]
[EventDate "2012.06.11"]
[EventType "swiss"]
[EventRounds "11"]
[EventCountry "FIN"]
[SourceTitle "EXT 2022"]
[Source "ChessBase"]
[SourceDate "2021.10.06"]
[SourceVersion "1"]
[SourceVersionDate "2021.10.06"]
[SourceQuality "1"]

1. e4 c5 2. Nf3 d6 3. Bc4 e6 4. Nc3 Nf6 5. d4 cxd4 6. Nxd4 Be7 7. 0-0 0-0 8. Be3 a6 9. a3 Qc7 10. Qe2 Nc6 11. Nxc6 Qxc6 12. Bd3 b5 13. f4 e5 14. h3 Bb7 15. fxe5 dxe5 16. Rf5 Qd6 17. Rd1 Qc7 18. Qf2 Rac8 19. Kh1 Bc5 20. Bxc5 Qxc5 21. Qg3 Qc7 1-0

[Event "FIN-ch Seniors"]
[Site "Helsinki"]
[Date "2012.06.13"]
[Round "3"]
[White "Pitkanen, Juhani"]
[Black "Peltola, Leo"]
[Result "1/2-1/2"]
[WhiteElo "1724"]
[BlackElo "2046"]
[PlyCount "29"]
[EventDate "2012.06.11"]
[EventType "swiss"]
[EventRounds "11"]
[EventCountry "FIN"]
[SourceTitle "EXT 2022"]
[Source "ChessBase"]
[SourceDate "2021.10.06"]
[SourceVersion "1"]
[SourceVersionDate "2021.10.06"]
[SourceQuality "1"]

1. d4 Nf6 2. c4 e6 3. Nc3 Bb4 4. Qc2 c5 5. dxc5 Na6 6. a3 Bxc3+ 7. Qxc3 Nxc5 8. Bg5 Nce4 9. Bxf6 Nxf6 10. f3 0-0 11. e4 d6 12. Rd1 Qc7 13. Bd3 b6 14. Ne2 Bb7 15. 0-0 1/2-1/2

[Event "Vierumaki We LahS"]
[Site "Vierumaki"]
[Date "2012.??.??"]
[Round "2"]
[White "Peltola, Leo"]
[Black "Vehkalahti, Veli"]
[Result "0-1"]
[WhiteElo "2046"]
[BlackElo "2004"]
[PlyCount "66"]
[EventDate "2012.??.??"]
[EventType "swiss"]
[EventRounds "5"]
[EventCountry "FIN"]
[SourceTitle "EXT 2022"]
[Source "ChessBase"]
[SourceDate "2021.10.06"]
[SourceVersion "1"]
[SourceVersionDate "2021.10.06"]
[SourceQuality "1"]

1. e4 d5 2. exd5 Nf6 3. d4 Nxd5 4. Nf3 Bg4 5. Be2 e6 6. 0-0 Be7 7. h3 Bxf3 8. Bxf3 c6 9. Nd2 0-0 10. Re1 Nd7 11. Ne4 N7f6 12. c3 Qc7 13. Bg5 Nxe4 14. Bxe7 Nexc3 15. bxc3 Nxe7 16. Qe2 Rad8 17. Rab1 Nd5 18. Rb3 Rd7 19. Qe4 Qa5 20. Qc2 Qc7 21. Re5 Nf4 22. Re4 f5 23. Re5 Rf6 24. Rb1 Ng6 25. Re3 Nh4 26. Qe2 Re7 27. Re5 Ng6 28. Re3 Nf4 29. Qc4 Rg6 30. Kh1 Rh6 31. Re5 g5 32. Kg1 Kg7 33. Kf1 g4 0-1